| 000 | 00367nam a2200145Ia 4500 | ||
|---|---|---|---|
| 008 | 230917s9999||||xx |||||||||||||| ||und|| | ||
| 040 |
_e16018 _aMAIN |
||
| 041 | _aEnglish | ||
| 082 | _a338.5 H877I | ||
| 100 | _aFreeman, A Myrick | ||
| 245 | 0 | _aIntermediate microeconomic analysis | |
| 260 |
_aCambridge _bHarper & Row _c1983 |
||
| 300 | _axvii,558 p. | ||
| 942 | _cBK | ||
| 999 |
_c59817 _d59817 |
||